[Event "GBR-ch61"]
[Site "Clacton"]
[Date "1974.08.14"]
[Round "9"]
[White "Hardy, Otto H"]
[Black "Eley, Brian Ratcliffe"]
[Result "0-1"]
[WhiteElo "2200"]
[BlackElo "2350"]
[PlyCount "69"]
[EventDate "1974.08.05"]
[EventType "swiss"]
[EventRounds "11"]
[EventCountry "GBR"]
[SourceTitle "BritBase"]
[SourceQuality "2"]

1. d4 c5 2. dxc5 e6 3. e4 Bxc5 4. Bc4 Nf6 5. Nc3 O-O 6. Nf3 d5 7. exd5 exd5 8.
Be2 Ne4 9. O-O Nxc3 10. bxc3 Be6 11. Bf4 Nc6 12. Nd4 Bxd4 13. cxd4 Rc8 14. Rb1
Qf6 15. Be3 Rc7 16. Qd2 Rfc8 17. c3 Na5 18. Rfc1 Qg6 19. Bf4 Rxc3 20. Rxc3
Qxb1+ 21. Qc1 Qxc1+ 22. Rxc1 Rxc1+ 23. Bxc1 Nc6 24. Bb2 a6 25. Bf3 Kf8 26. Kf1
Ke7 27. Ke2 Kd6 28. Ba3+ Kd7 29. Ke3 f6 30. Bf8 g6 31. h4 Ne7 32. g4 Ke8 33.
Bg7 Kf7 34. Bh8 h6 35. Kf4 0-1

[Event "GBR-ch61"]
[Site "Clacton"]
[Date "1974.08.14"]
[Round "9"]
[White "Haygarth, Michael J"]
[Black "Bennett, Gerald H"]
[Result "1-0"]
[WhiteElo "2200"]
[BlackElo "2200"]
[PlyCount "53"]
[EventDate "1974.08.05"]
[EventType "swiss"]
[EventRounds "11"]
[EventCountry "GBR"]
[SourceTitle "BritBase"]
[SourceQuality "2"]

1. d4 Nf6 2. c4 c5 3. d5 b5 4. cxb5 a6 5. bxa6 Bxa6 6. Nc3 d6 7. Nf3 g6 8. e4
Bxf1 9. Kxf1 Nbd7 10. g3 Bg7 11. Kg2 O-O 12. Re1 Ne8 13. Bf4 Qb6 14. Qd2 Nc7
15. Bh6 Bxh6 16. Qxh6 Qxb2 17. e5 dxe5 18. Ng5 Nf6 19. Nce4 Nce8 20. Kg1 c4 21.
Rab1 Qxa2 22. Rb6 e6 23. dxe6 fxe6 24. Rb7 Ra7 25. Nxh7 Rxb7 26. Qxf8+ Kxh7 27.
Ng5# 1-0

[Event "GBR-ch61"]
[Site "Clacton"]
[Date "1974.08.14"]
[Round "9"]
[White "Hempson, Peter W"]
[Black "Holloway, Nigel J"]
[Result "0-1"]
[WhiteElo "2200"]
[BlackElo "2200"]
[PlyCount "86"]
[EventDate "1974.08.05"]
[EventType "swiss"]
[EventRounds "11"]
[EventCountry "GBR"]
[SourceTitle "BritBase"]
[SourceQuality "2"]

1. c4 g6 2. Nc3 c5 3. g3 Bg7 4. Bg2 Nc6 5. Nf3 e6 6. e4 Nge7 7. O-O O-O 8. Ne1
d6 9. d3 Rb8 10. Be3 Nd4 11. Nc2 Bd7 12. Rb1 b5 13. Bxd4 cxd4 14. Nxb5 Bxb5 15.
cxb5 Rxb5 16. b4 d5 17. a4 Rb7 18. b5 dxe4 19. Bxe4 Rc7 20. Nb4 Rc3 21. Rb3 Qa5
22. Na2 Qxa4 23. Nxc3 dxc3 24. Qc2 Qa5 25. Rfb1 Bd4 26. Rb4 Qb6 27. Ra1 e5 28.
Ra2 Qc5 29. Rb1 Kg7 30. Qb3 f5 31. Bg2 f4 32. Qc4 fxg3 33. Qxc5 gxf2+ 34. Kf1
Bxc5 35. Be4 Bd4 36. Rb3 Rf4 37. Rba3 Kh6 38. Rxa7 Rg4 39. Bg2 Nf5 40. R7a4 c2
41. Ra1 Ne3+ 42. Kxf2 Rxg2+ 43. Kf3 Rd2 0-1

[Event "GBR-ch61"]
[Site "Clacton"]
[Date "1974.08.14"]
[Round "9"]
[White "Hindle, Owen M"]
[Black "Lennox, C Jonathan"]
[Result "0-1"]
[WhiteElo "2200"]
[BlackElo "2200"]
[PlyCount "76"]
[EventDate "1974.08.05"]
[EventType "swiss"]
[EventRounds "11"]
[EventCountry "GBR"]
[SourceTitle "BritBase"]
[SourceQuality "2"]

1. e4 c5 2. Nf3 d6 3. d4 cxd4 4. Nxd4 Nf6 5. Nc3 a6 6. Be2 e5 7. Nb3 Be7 8. O-O
O-O 9. a4 Be6 10. f4 Qc7 11. Kh1 Nbd7 12. Be3 Rfc8 13. f5 Bc4 14. a5 b5 15.
axb6 Nxb6 16. Bxb6 Qxb6 17. Bxc4 Rxc4 18. Qe2 Rb4 19. Ra2 h6 20. Rfa1 Bf8 21.
Ra4 Rxa4 22. Rxa4 Qb7 23. h3 Be7 24. Qd3 Qb6 25. Rc4 Qf2 26. Kh2 Bd8 27. Qe2
Qxe2 28. Nxe2 d5 29. exd5 Nxd5 30. Rc5 Ne3 31. g4 Nd1 32. Kg2 Bf6 33. Nc3 Ne3+
34. Kf3 Nxc2 35. Nd5 Rb8 36. Na5 Rxb2 37. Rc8+ Kh7 38. Nc6 Ne1+ 0-1

[Event "GBR-ch61"]
[Site "Clacton"]
[Date "1974.08.14"]
[Round "9"]
[White "Horner, Jeff"]
[Black "Clarke, Peter Hugh"]
[Result "1-0"]
[WhiteElo "2200"]
[BlackElo "2355"]
[PlyCount "45"]
[EventDate "1974.08.05"]
[EventType "swiss"]
[EventRounds "11"]
[EventCountry "GBR"]
[SourceTitle "BritBase"]
[SourceQuality "2"]

1. e4 e6 2. d4 d5 3. Nc3 Bb4 4. Nge2 dxe4 5. a3 Be7 6. g3 f5 7. Nf4 Bf6 8. Be3
c6 9. Bc4 Qd6 10. f3 exf3 11. Qxf3 Na6 12. O-O-O Nc7 13. g4 Ne7 14. g5 O-O 15.
gxf6 Rxf6 16. Rhg1 Ncd5 17. Qg3 Ng6 18. Bxd5 exd5 19. h4 Qf8 20. h5 Nh8 21. Rd2
Bd7 22. Rdg2 Rf7 23. Nd3 1-0

[Event "GBR-ch61"]
[Site "Clacton"]
[Date "1974.08.14"]
[Round "9"]
[White "Lightfoot, Malcolm J"]
[Black "Swanson, Stephen"]
[Result "1/2-1/2"]
[WhiteElo "2200"]
[BlackElo "2200"]
[PlyCount "79"]
[EventDate "1974.08.05"]
[EventType "swiss"]
[EventRounds "11"]
[EventCountry "GBR"]
[SourceTitle "BritBase"]
[SourceQuality "2"]

1. e4 e5 2. Nf3 Nc6 3. Bb5 a6 4. Ba4 d6 5. Bxc6+ bxc6 6. d4 f6 7. c4 g6 8. Nc3
Bg7 9. Be3 Ne7 10. Qd2 exd4 11. Nxd4 c5 12. Nde2 Be6 13. Nd5 Nxd5 14. exd5 Bd7
15. O-O O-O 16. Bh6 Rf7 17. Bxg7 Kxg7 18. Rae1 Qf8 19. Nf4 Re8 20. Qa5 Bc8 21.
Ne6+ Bxe6 22. dxe6 Rfe7 23. a4 Ra8 24. f4 f5 25. b4 cxb4 26. Qxb4 a5 27. Qb7
Rb8 28. Qd5 Qf6 29. c5 dxc5 30. Qxc5 Rb4 31. Qxa5 Qd4+ 32. Kh1 Rxa4 33. Qb5 Rb4
34. Qa6 Rb6 35. Qc8 Qf6 36. Rc1 Qxe6 37. Rxc7 Qxc8 38. Rxc8 Rb2 39. Rc3 Rf2 40.
Kg1 1/2-1/2

[Event "GBR-ch61"]
[Site "Clacton"]
[Date "1974.08.14"]
[Round "9"]
[White "Ludgate, Alan Templeton"]
[Black "Sinclair, Ian J"]
[Result "0-1"]
[WhiteElo "2200"]
[BlackElo "2200"]
[PlyCount "110"]
[EventDate "1974.08.05"]
[EventType "swiss"]
[EventRounds "11"]
[EventCountry "GBR"]
[SourceTitle "BritBase"]
[SourceQuality "2"]

1. d4 Nf6 2. c4 g6 3. Nc3 d5 4. Bg5 Ne4 5. Bh4 c5 6. cxd5 Nxc3 7. bxc3 Qxd5 8.
e3 cxd4 9. Qxd4 Qxd4 10. cxd4 e6 11. Rb1 Be7 12. Bg3 Nc6 13. Bb5 Bd7 14. Nf3 a6
15. Bd3 b5 16. Ne5 Nxe5 17. Bxe5 f6 18. Bc7 Rc8 19. Ba5 Bc6 20. O-O Bd5 21. Rb2
Kf7 22. f3 Bc4 23. Rd1 Bxd3 24. Rxd3 Rc1+ 25. Kf2 Rhc8 26. Rdd2 Ba3 27. Rb3 Bd6
28. h3 h5 29. Rbb2 h4 30. f4 g5 31. Bb4 Bxb4 32. Rxb4 R1c2 33. Ke2 gxf4 34.
exf4 Rxd2+ 35. Kxd2 Rg8 36. a4 Rxg2+ 37. Ke1 bxa4 38. Rxa4 Kg6 39. Ra5 Rh2 40.
f5+ exf5 41. d5 Rxh3 42. Ke2 Rb3 43. Rxa6 h3 44. Kf2 Rd3 45. Kg1 Kg5 46. Rd6 f4
47. Kh2 Kg4 48. Rxf6 Rd2+ 49. Kh1 Rxd5 50. Rg6+ Rg5 51. Ra6 Kg3 52. Ra3+ f3 53.
Ra8 f2 54. Rf8 Rg4 55. Rf7 Rf4 0-1

[Event "GBR-ch61"]
[Site "Clacton"]
[Date "1974.08.14"]
[Round "9"]
[White "Stean, Michael F"]
[Black "Bellin, Robert"]
[Result "1-0"]
[WhiteElo "2345"]
[BlackElo "2355"]
[PlyCount "79"]
[EventDate "1974.08.05"]
[EventType "swiss"]
[EventRounds "11"]
[EventCountry "GBR"]
[SourceTitle "BritBase"]
[SourceQuality "2"]

1. Nf3 e6 2. c4 f5 3. g3 Nf6 4. Bg2 Be7 5. O-O O-O 6. Nc3 d6 7. d3 d5 8. Bf4 c6
9. e4 fxe4 10. dxe4 Nxe4 11. Nxe4 dxe4 12. Ne5 Qxd1 13. Raxd1 Bf6 14. g4 Bxe5
15. Bxe5 Nd7 16. Bd6 Re8 17. Bxe4 Nf6 18. Bf3 e5 19. h3 e4 20. Bg2 Be6 21. b3
h6 22. Rfe1 Bf7 23. Bb4 Re6 24. Bc3 Bg6 25. f4 Re7 26. f5 Bf7 27. Bxf6 gxf6 28.
Rxe4 Rxe4 29. Bxe4 Re8 30. Bf3 Re3 31. Kf2 Rc3 32. Rd8+ Kg7 33. Rd7 Rc2+ 34.
Ke3 Rxa2 35. Rxb7 Ra6 36. Kd4 Kf8 37. Kc5 Be8 38. Kd6 h5 39. c5 h4 40. Rb8 1-0

[Event "GBR-ch61"]
[Site "Clacton"]
[Date "1974.08.14"]
[Round "9"]
[White "Webb, Roger"]
[Black "Wise, Derek Maurice"]
[Result "1-0"]
[WhiteElo "2200"]
[BlackElo "2200"]
[PlyCount "77"]
[EventDate "1974.08.05"]
[EventType "swiss"]
[EventRounds "11"]
[EventCountry "GBR"]
[SourceTitle "BritBase"]
[SourceQuality "2"]

1. c4 e5 2. Nc3 Nf6 3. Nf3 Nc6 4. e4 Bb4 5. d3 d6 6. g3 O-O 7. Bg2 Ne8 8. O-O
Bxc3 9. bxc3 f5 10. exf5 Bxf5 11. Ne1 Nf6 12. Nc2 Qd7 13. Ne3 Bh3 14. Bb2 Ne7
15. Qe2 Ng6 16. Rad1 Rae8 17. Bc1 c6 18. Rfe1 d5 19. cxd5 cxd5 20. c4 Bxg2 21.
Nxg2 Qh3 22. Ne3 d4 23. Nf1 e4 24. Ba3 Rf7 25. dxe4 Rxe4 26. Qc2 Qe6 27. Rxe4
Qxe4 28. Qxe4 Nxe4 29. Rxd4 Nc3 30. Rd8+ Nf8 31. Ne3 Nxa2 32. Ng4 a5 33. Ne5
Rf5 34. Nd7 Nb4 35. Rb8 Rf7 36. Nxf8 Rxf8 37. Rxb7 Rc8 38. Bxb4 axb4 39. Rxb4
1-0

[Event "GBR-ch61"]
[Site "Clacton"]
[Date "1974.08.14"]
[Round "9"]
[White "Webb, Simon"]
[Black "Hartston, William Roland"]
[Result "0-1"]
[WhiteElo "2380"]
[BlackElo "2480"]
[PlyCount "74"]
[EventDate "1974.08.05"]
[EventType "swiss"]
[EventRounds "11"]
[EventCountry "GBR"]
[SourceTitle "BritBase"]
[SourceQuality "2"]

1. Nf3 Nf6 2. d4 c5 3. c4 cxd4 4. Nxd4 b6 5. Nc3 Bb7 6. f3 d6 7. e4 e6 8. Be2
Be7 9. O-O O-O 10. Be3 Nbd7 11. Qd2 a6 12. Rfd1 Qc7 13. Rac1 Rac8 14. Bf1 Qb8
15. Qf2 Rfe8 16. Kh1 Bf8 17. Nc2 Ne5 18. Bxb6 Nxc4 19. Bxc4 Rxc4 20. Ne3 Rc6
21. Ba5 d5 22. exd5 exd5 23. Nf5 d4 24. Nxd4 Rc5 25. Bb6 Rh5 26. h3 Ng4 27.
fxg4 Rxh3+ 28. Kg1 Qh2+ 29. Kf1 Rg3 30. Rc2 Rxg4 31. Qg1 Qh6 32. Nf5 Qf6 33.
Rf2 Qxb6 34. Qh2 a5 35. Qh3 Rg6 36. Nd5 Qb5+ 37. Kg1 Bxd5 0-1

[Event "GBR-ch61"]
[Site "Clacton"]
[Date "1974.08.14"]
[Round "9"]
[White "Williams, Arthur Howard"]
[Black "Penrose, Jonathan"]
[Result "1-0"]
[WhiteElo "2405"]
[BlackElo "2450"]
[PlyCount "51"]
[EventDate "1974.08.05"]
[EventType "swiss"]
[EventRounds "11"]
[EventCountry "GBR"]
[SourceTitle "BritBase"]
[SourceQuality "2"]

1. d4 d5 2. c4 dxc4 3. Nf3 a6 4. e3 e6 5. Bxc4 c5 6. a4 Nf6 7. O-O cxd4 8. exd4
Nc6 9. Nc3 Be7 10. Re1 O-O 11. Bg5 b6 12. d5 Nxd5 13. Bxd5 exd5 14. Qxd5 Bxg5
15. Nxg5 Qf6 16. Nce4 Qg6 17. Rad1 Bg4 18. f3 Rad8 19. Nd6 Nb4 20. Qd2 Nc2 21.
Re5 h6 22. fxg4 hxg5 23. Rd5 a5 24. Nf5 Rxd5 25. Ne7+ Kh7 26. Nxg6 1-0

[Event "GBR-ch61"]
[Site "Clacton"]
[Date "1974.08.15"]
[Round "10"]
[White "Bellin, Robert"]
[Black "Knox, Victor W"]
[Result "1-0"]
[WhiteElo "2355"]
[BlackElo "2200"]
[PlyCount "99"]
[EventDate "1974.08.05"]
[EventType "swiss"]
[EventRounds "11"]
[EventCountry "GBR"]
[SourceTitle "BritBase"]
[SourceQuality "2"]

1. e4 e5 2. Nf3 Nc6 3. Bb5 f5 4. d4 fxe4 5. Nxe5 Nxe5 6. dxe5 c6 7. Nc3 cxb5 8.
Nxe4 d5 9. exd6 Nf6 10. O-O Nxe4 11. Qh5+ g6 12. Qe5+ Kf7 13. Qxh8 Qxd6 14.
Qxh7+ Bg7 15. Bh6 Qf6 16. Rfe1 Ng5 17. Re7+ Kxe7 18. Bxg5 Qxg5 19. Qxg7+ Kd6
20. Rd1+ Kc6 21. Qc3+ Qc5 22. Qf6+ Kc7 23. Qf4+ Kc6 24. Qe4+ Kc7 25. Rd5 Qf8
26. Qe5+ Kc6 27. Rd3 b4 28. Rf3 Bf5 29. g4 Re8 30. Qf4 Qg8 31. gxf5 gxf5+ 32.
Rg3 Qd5 33. Qf3 Re4 34. Kg2 Re2 35. Rg6+ Kc5 36. Qxd5+ Kxd5 37. h4 Rxc2 38. h5
Rc7 39. h6 Rh7 40. Kg3 Ke5 41. Kh4 Kf4 42. Kh5 a5 43. Rg7 Rh8 44. h7 Kf3 45.
Kg6 f4 46. Rf7 Ke4 47. Kg7 Rxh7+ 48. Kxh7 Kd3 49. Rxf4 Kc2 50. Re4 1-0

[Event "GBR-ch61"]
[Site "Clacton"]
[Date "1974.08.15"]
[Round "10"]
[White "Bennett, Gerald H"]
[Black "Botterill, George Steven"]
[Result "0-1"]
[WhiteElo "2200"]
[BlackElo "2410"]
[PlyCount "82"]
[EventDate "1974.08.05"]
[EventType "swiss"]
[EventRounds "11"]
[EventCountry "GBR"]
[SourceTitle "BritBase"]
[SourceQuality "2"]

1. d4 Nf6 2. c4 g6 3. Nc3 Bg7 4. e4 d6 5. f3 O-O 6. Be3 Nc6 7. Nge2 Rb8 8. a3
a6 9. b4 Re8 10. Qd2 Nd7 11. Rc1 e6 12. Rc2 Nb6 13. Nf4 Nxd4 14. Bxd4 Bxd4 15.
Qxd4 e5 16. Qd2 exf4 17. Qxf4 Be6 18. Nd1 f5 19. Nf2 Qf6 20. Be2 Nd7 21. Qd2
Qa1+ 22. Qc1 Qxc1+ 23. Rxc1 fxe4 24. Nxe4 Bf5 25. Ng3 Re3 26. Nxf5 gxf5 27. Ra1
Rbe8 28. Ra2 Nb6 29. Kf2 Rc3 30. Rd1 Nxc4 31. f4 Kg7 32. a4 Re4 33. g3 Ne3 34.
Rb1 Nd5 35. Rab2 Rd4 36. a5 c6 37. h3 Nf6 38. Bf3 d5 39. Re1 Ne4+ 40. Bxe4 fxe4
41. Rg1 Rdd3 0-1

[Event "GBR-ch61"]
[Site "Clacton"]
[Date "1974.08.15"]
[Round "10"]
[White "Eley, Brian Ratcliffe"]
[Black "Hempson, Peter W"]
[Result "1-0"]
[WhiteElo "2350"]
[BlackElo "2200"]
[PlyCount "57"]
[EventDate "1974.08.05"]
[EventType "swiss"]
[EventRounds "11"]
[EventCountry "GBR"]
[SourceTitle "BritBase"]
[SourceQuality "2"]

1. e4 d6 2. d4 Nf6 3. Nc3 g6 4. f4 Bg7 5. e5 dxe5 6. fxe5 Nd5 7. Ne4 Nb4 8. Ne2
Bf5 9. a3 Bxe4 10. axb4 b6 11. Nc3 Bb7 12. Bb5+ Bc6 13. O-O O-O 14. Bc4 e6 15.
Be3 Nd7 16. Qg4 Qe7 17. b5 Bb7 18. Ne4 Bxe5 19. dxe5 Nxe5 20. Qf4 Nxc4 21. Nf6+
Qxf6 22. Qxf6 Nxe3 23. Rfc1 Rfd8 24. Qe5 Nc4 25. Qxc7 Nd6 26. Rxa7 Rac8 27. Qe7
Rb8 28. Rd1 Bd5 29. c4 1-0

[Event "GBR-ch61"]
[Site "Clacton"]
[Date "1974.08.15"]
[Round "10"]
[White "Hartston, William Roland"]
[Black "Williams, Arthur Howard"]
[Result "1/2-1/2"]
[WhiteElo "2480"]
[BlackElo "2405"]
[PlyCount "68"]
[EventDate "1974.08.05"]
[EventType "swiss"]
[EventRounds "11"]
[EventCountry "GBR"]
[SourceTitle "BritBase"]
[SourceQuality "2"]

1. d3 c5 2. g3 Nc6 3. Bg2 g6 4. c4 Bg7 5. Nc3 d6 6. Nf3 e5 7. O-O Nge7 8. Bd2
O-O 9. a3 a5 10. Ne1 Be6 11. Nc2 d5 12. cxd5 Nxd5 13. Ne3 Nxe3 14. Bxe3 Nd4 15.
Rb1 Bb3 16. Qd2 Ra7 17. f4 b6 18. fxe5 Bxe5 19. Bh6 Re8 20. Be4 f5 21. Bg2 Bf6
22. Rf2 Rd7 23. Rbf1 Nc2 24. Bc6 Bd4 25. Nb5 Bxf2+ 26. Rxf2 Nd4 27. Nxd4 cxd4
28. Bxd7 Qxd7 29. Qg5 Qe7 30. Qxe7 Rxe7 31. g4 Be6 32. Bg5 Rd7 33. gxf5 Bxf5
34. Rf1 Rd5 1/2-1/2

[Event "GBR-ch61"]
[Site "Clacton"]
[Date "1974.08.15"]
[Round "10"]
[White "Law, Andrew P"]
[Black "Haygarth, Michael J"]
[Result "1/2-1/2"]
[WhiteElo "2200"]
[BlackElo "2200"]
[PlyCount "33"]
[EventDate "1974.08.05"]
[EventType "swiss"]
[EventRounds "11"]
[EventCountry "GBR"]
[SourceTitle "BritBase"]
[SourceQuality "2"]

1. e4 e6 2. d4 d5 3. Nc3 Bb4 4. Nge2 dxe4 5. a3 Be7 6. Nxe4 Nf6 7. N2g3 Nbd7 8.
Bd3 Nxe4 9. Bxe4 Nf6 10. Bf3 O-O 11. O-O e5 12. c4 c5 13. dxc5 Qc7 14. c6 bxc6
15. Be3 Rb8 16. Qc2 Rd8 17. Rad1 1/2-1/2

[Event "GBR-ch61"]
[Site "Clacton"]
[Date "1974.08.15"]
[Round "10"]
[White "Lennox, C Jonathan"]
[Black "Webb, Roger"]
[Result "1/2-1/2"]
[WhiteElo "2200"]
[BlackElo "2200"]
[PlyCount "88"]
[EventDate "1974.08.05"]
[EventType "swiss"]
[EventRounds "11"]
[EventCountry "GBR"]
[SourceTitle "BritBase"]
[SourceQuality "2"]

1. e4 e5 2. Nf3 Nc6 3. Bb5 Nf6 4. Nc3 d6 5. d4 Bd7 6. O-O Be7 7. Re1 exd4 8.
Nxd4 O-O 9. Bxc6 bxc6 10. h3 Re8 11. Bf4 h6 12. e5 Nh7 13. exd6 cxd6 14. Nb3 d5
15. Na4 Nf8 16. Nac5 Bf5 17. c3 Ng6 18. Bg3 Qb6 19. Qd4 Bf6 20. Qd2 Ne5 21. Re2
Re7 22. Rae1 Rae8 23. Qd1 a5 24. Kh1 Qa7 25. a4 Bg6 26. Bxe5 Bxe5 27. Nd3 Bb8
28. Rxe7 Rxe7 29. Rxe7 Qxe7 30. Nbc5 Bd6 31. b4 axb4 32. cxb4 Bxd3 33. Nxd3
Bxb4 34. Qg4 c5 35. Qc8+ Qf8 36. Qd7 d4 37. Nxb4 cxb4 38. Qxd4 b3 39. a5 Qa3
40. Qd8+ Kh7 41. Qd3+ g6 42. Kh2 Qa4 43. Qc3 Qf4+ 44. Kg1 Qb8 1/2-1/2

[Event "GBR-ch61"]
[Site "Clacton"]
[Date "1974.08.15"]
[Round "10"]
[White "Ludgate, Alan Templeton"]
[Black "Hardy, Otto H"]
[Result "1/2-1/2"]
[WhiteElo "2200"]
[BlackElo "2200"]
[PlyCount "61"]
[EventDate "1974.08.05"]
[EventType "swiss"]
[EventRounds "11"]
[EventCountry "GBR"]
[SourceTitle "BritBase"]
[SourceQuality "2"]

1. d4 Nf6 2. Nf3 e6 3. g3 b6 4. Bg2 Bb7 5. O-O c5 6. c4 cxd4 7. Nxd4 Bxg2 8.
Kxg2 Be7 9. Nc3 O-O 10. e4 Nc6 11. b3 Bb4 12. Nde2 Qe7 13. Bg5 h6 14. Bf4 Rfd8
15. Qc2 Bxc3 16. Nxc3 Nb4 17. Qe2 Qc5 18. a3 Na6 19. e5 Qc6+ 20. Kg1 Ne8 21. b4
Rac8 22. c5 Nac7 23. Ne4 f5 24. exf6 Nd5 25. Bxh6 Nexf6 26. Nxf6+ Nxf6 27. Bg5
bxc5 28. Bxf6 gxf6 29. Qh5 Kg7 30. Qg4+ Kf7 31. Qh5+ 1/2-1/2

[Event "GBR-ch61"]
[Site "Clacton"]
[Date "1974.08.15"]
[Round "10"]
[White "Mestel, A Jonathan"]
[Black "Stean, Michael F"]
[Result "1/2-1/2"]
[WhiteElo "2270"]
[BlackElo "2345"]
[PlyCount "38"]
[EventDate "1974.08.05"]
[EventType "swiss"]
[EventRounds "11"]
[EventCountry "GBR"]
[SourceTitle "BritBase"]
[SourceQuality "2"]

1. Nc3 c5 2. Nf3 Nf6 3. e4 d6 4. Be2 Nc6 5. O-O e6 6. d4 cxd4 7. Nxd4 Be7 8.
Be3 a6 9. f4 Bd7 10. Kh1 Qc7 11. Qe1 b5 12. a3 Nxd4 13. Bxd4 Bc6 14. Bd3 Qb7
15. Qg3 h5 16. Rae1 h4 17. Qxg7 Rh7 18. Qg5 Rh5 19. Qg7 Rh7 1/2-1/2

[Event "GBR-ch61"]
[Site "Clacton"]
[Date "1974.08.15"]
[Round "10"]
[White "Penrose, Jonathan"]
[Black "Horner, Jeff"]
[Result "1-0"]
[WhiteElo "2450"]
[BlackElo "2200"]
[PlyCount "82"]
[EventDate "1974.08.05"]
[EventType "swiss"]
[EventRounds "11"]
[EventCountry "GBR"]
[SourceTitle "BritBase"]
[SourceQuality "2"]

1. e4 e5 2. Nf3 Nc6 3. Bb5 a6 4. Ba4 Nf6 5. O-O Be7 6. Re1 b5 7. Bb3 d6 8. c3
O-O 9. h3 Bb7 10. d4 Na5 11. Bc2 Nc4 12. b3 Nb6 13. Nbd2 Re8 14. Nf1 Bf8 15.
Ng3 g6 16. Nh2 Bg7 17. f4 exd4 18. cxd4 c5 19. Bb2 Rc8 20. Nf3 Qc7 21. Rc1 c4
22. Bb1 a5 23. Nd2 h5 24. Qf3 h4 25. Ngf1 Qd7 26. Qf2 a4 27. bxc4 Nxc4 28. Nxc4
bxc4 29. Nd2 Qb5 30. Bc3 Qh5 31. Bc2 Qh6 32. d5 a3 33. Ba4 Re7 34. Bb5 Nh5 35.
Bxg7 Qxg7 36. Nxc4 Rec7 37. Qd2 Qf6 38. e5 dxe5 39. fxe5 Qf5 40. Nd6 Rc2 41.
Nxf5 Rxd2 1-0

[Event "GBR-ch61"]
[Site "Clacton"]
[Date "1974.08.15"]
[Round "10"]
[White "Sinclair, Ian J"]
[Black "Perkins, Alan H"]
[Result "1/2-1/2"]
[WhiteElo "2200"]
[BlackElo "2360"]
[PlyCount "81"]
[EventDate "1974.08.05"]
[EventType "swiss"]
[EventRounds "11"]
[EventCountry "GBR"]
[SourceTitle "BritBase"]
[SourceQuality "2"]

1. c4 g6 2. Nc3 Bg7 3. g3 Nf6 4. Bg2 O-O 5. e4 c5 6. d3 Nc6 7. Nge2 d6 8. a3
Ne8 9. Rb1 b6 10. b4 Bb7 11. O-O Nc7 12. f4 Nd4 13. Be3 f5 14. Qd2 Qd7 15. Bf2
Rad8 16. Nd5 Ne8 17. Rfe1 e6 18. Ne3 Ba8 19. Nc2 e5 20. Ncxd4 cxd4 21. Qc2 fxe4
22. dxe4 Rc8 23. Qd3 Nf6 24. Rb2 Bc6 25. Nc1 Qb7 26. Nb3 Ng4 27. h3 Nxf2 28.
Rxf2 Bd7 29. Nd2 b5 30. fxe5 Rxf2 31. Kxf2 bxc4 32. Nxc4 Qa6 33. Bf1 Bb5 34.
Rc1 dxe5 35. Qb3 Rf8+ 36. Kg2 Kh8 37. Bd3 Qe6 38. Rf1 Bd7 39. Rxf8+ Bxf8 40. g4
h5 41. Be2 1/2-1/2

[Event "GBR-ch61"]
[Site "Clacton"]
[Date "1974.08.15"]
[Round "10"]
[White "Swanson, Stephen"]
[Black "Hindle, Owen M"]
[Result "1/2-1/2"]
[WhiteElo "2200"]
[BlackElo "2200"]
[PlyCount "89"]
[EventDate "1974.08.05"]
[EventType "swiss"]
[EventRounds "11"]
[EventCountry "GBR"]
[SourceTitle "BritBase"]
[SourceQuality "2"]

1. f4 g6 2. Nf3 Bg7 3. d3 d5 4. g3 Nf6 5. Bg2 O-O 6. O-O c5 7. c3 Nc6 8. a4 Bd7
9. Na3 Qc8 10. Qc2 d4 11. e4 dxe3 12. Bxe3 Na5 13. Ne5 Be6 14. Rae1 Bd5 15.
Bxd5 Nxd5 16. Nac4 Nxc4 17. Nxc4 Nxe3 18. Rxe3 e6 19. g4 Qc6 20. Ref3 Rae8 21.
Ne5 Qd5 22. Qe2 Rd8 23. g5 f6 24. gxf6 Rxf6 25. Ng4 Rf7 26. Re3 Rdf8 27. Rxe6
Rxf4 28. Rxf4 Rxf4 29. Re8+ Bf8 30. Re4 Qg5 31. Rxf4 Qxf4 32. Qe6+ Kg7 33. Ne5
Qg5+ 34. Kh1 Qe7 35. Qd5 b6 36. Kg2 h5 37. d4 cxd4 38. cxd4 Qg5+ 39. Kf3 Qf5+
40. Ke2 Be7 41. Qb7 Qc2+ 42. Ke3 Qb3+ 43. Ke4 Qc2+ 44. Ke3 Qb3+ 45. Ke4 1/2-1/2

[Event "GBR-ch61"]
[Site "Clacton"]
[Date "1974.08.15"]
[Round "10"]
[White "Thomas, Ronald"]
[Black "Mabbs, David J"]
[Result "0-1"]
[WhiteElo "2200"]
[BlackElo "2200"]
[PlyCount "108"]
[EventDate "1974.08.05"]
[EventType "swiss"]
[EventRounds "11"]
[EventCountry "GBR"]
[SourceTitle "BritBase"]
[SourceQuality "2"]

1. d4 Nf6 2. c4 g6 3. Nc3 d5 4. Bg5 Ne4 5. Bh4 c5 6. cxd5 Nxc3 7. bxc3 Qxd5 8.
e3 cxd4 9. Qxd4 Qxd4 10. cxd4 e6 11. Bb5+ Bd7 12. Rb1 Be7 13. Bg3 Nc6 14. Nf3
a6 15. Be2 b5 16. O-O g5 17. e4 g4 18. Ne5 Nxe5 19. Bxe5 f6 20. Bg3 h5 21. d5
e5 22. f3 Rc8 23. Rbc1 O-O 24. f4 Bc5+ 25. Kh1 Bd4 26. fxe5 fxe5 27. Rxc8 Rxc8
28. Bd3 a5 29. Bf2 Bxf2 30. Rxf2 Rc1+ 31. Rf1 Rc3 32. Bb1 h4 33. Kg1 b4 34. Rd1
Ba4 35. d6 g3 36. hxg3 hxg3 37. Rf1 Bb5 38. Re1 Kf8 39. Rd1 Ba4 40. Rf1+ Ke8
41. Rf3 Rc1+ 42. Rf1 Rxf1+ 43. Kxf1 Bb5+ 44. Ke1 Bc4 45. Kd2 Bf1 46. Bd3 Bxg2
47. Bb5+ Kd8 48. Bc6 Bf1 49. Ke3 Bc4 50. Kf3 Bxa2 51. Kxg3 Be6 52. Ba4 b3 53.
Kh4 b2 54. Bc2 Ba2 0-1

[Event "GBR-ch61"]
[Site "Clacton"]
[Date "1974.08.15"]
[Round "10"]
[White "Wise, Derek Maurice"]
[Black "Lightfoot, Malcolm J"]
[Result "0-1"]
[WhiteElo "2200"]
[BlackElo "2200"]
[PlyCount "68"]
[EventDate "1974.08.05"]
[EventType "swiss"]
[EventRounds "11"]
[EventCountry "GBR"]
[SourceTitle "BritBase"]
[SourceQuality "2"]

1. e4 e6 2. d4 d5 3. e5 c5 4. Nf3 Nc6 5. Bd3 cxd4 6. O-O Nge7 7. Bf4 Ng6 8. Bg3
Qb6 9. Re1 Qxb2 10. Nbd2 Bb4 11. h4 Bc3 12. Rb1 Qxa2 13. Ng5 Bxd2 14. Qxd2 Qa5
15. Qe2 Qc7 16. Qh5 Bd7 17. f4 Nce7 18. f5 exf5 19. e6 Qxg3 20. exd7+ Kxd7 21.
Nxf7 Rhe8 22. Bxf5+ Kc7 23. Bh3 Nc6 24. Rxe8 Rxe8 25. Qxd5 Re1+ 26. Rxe1 Qxe1+
27. Kh2 Qxh4 28. g3 Qe7 29. Ng5 Qe2+ 30. Bg2 Qxc2 31. Ne6+ Kb6 32. Nd8 Nge5 33.
Ne6 Ng4+ 34. Kh3 Ne3 0-1

[Event "GBR-ch61"]
[Site "Clacton"]
[Date "1974.08.16"]
[Round "11"]
[White "Clarke, Peter Hugh"]
[Black "Bennett, Gerald H"]
[Result "1/2-1/2"]
[WhiteElo "2355"]
[BlackElo "2200"]
[PlyCount "31"]
[EventDate "1974.08.05"]
[EventType "swiss"]
[EventRounds "11"]
[EventCountry "GBR"]
[SourceTitle "BritBase"]
[SourceQuality "2"]

1. d4 Nf6 2. c4 g6 3. g3 Bg7 4. Bg2 O-O 5. Nc3 d6 6. Nf3 Nc6 7. O-O a6 8. h3
Rb8 9. Be3 Bd7 10. a3 b5 11. cxb5 axb5 12. b4 e6 13. Qd2 Ne7 14. Bh6 Ned5 15.
Bxg7 Kxg7 16. Nxd5 1/2-1/2